000 00887nam a2200241 i 4500
001 102695
003 ES-MaACL
005 20250824062446.0
007 t|
008 051128s1997 pr ||||1| spa d
080 _a821.134.2(729.5)-92"19"
080 _a32(729.5)"1952/..."
100 1 _aMari Bras, Juan.
_976647
245 1 0 _aJuan Mari Bras, periodista
_b: selección de su obra periodística 1959-1994.
260 _aSan Juan, Puerto Rico :
_bLEA, Ateneo Puertorriqueño,
_c1997.
300 _a219 p. :
_bil. ;
_c21 cm.
490 1 _aCuadernos del Ateneo ;
_v5.
_aSerie de periodismo ;
_v2
651 _aPuerto Rico-
_xPolítica y gobierno.
_99287
710 2 _aAteneo Puertorriqueño
_92054
830 0 0 _aCuadernos del Ateneo.
_pSerie de periodismo (Ateneo Puertorriqueño)
_v5.
_v2
_9184663
852 _aES-MaACL
_jE-11200
_bR.136892
999 _c102695
_d102695